Kompetentnosť manažéra a jej dôležitosť v znalostnej ekonomike
Teoretické vymedzenie kompetetnosti a kompetenčný model. Podstata a dôležitosť kompetenčného modelu zamestnanca. Manažérska kompetentnosť a jej výskyt v slovenskej podnikateľskej praxi. Dôležitosť výskytu určitých kompetencií hlavne v prípade manažérskych pozícií je nevyhnutná a tvorí základ pre roz...
Saved in:
| Main Author: | |
|---|---|
| Other Authors: | |
| Format: | Book Chapter |
| Language: | Slovak |
| Subjects: | |
| Tags: |
No Tags, Be the first to tag this record!
|
MARC
| LEADER | 00000nla$a2200000$$$4500 | ||
|---|---|---|---|
| 001 | 0148799 | ||
| 005 | 20240502083342.1 | ||
| 041 | 0 | |a slo | |
| 044 | |a CZ | ||
| 245 | 1 | 0 | |a Kompetentnosť manažéra a jej dôležitosť v znalostnej ekonomike |c Katarína Priečková, Katarína Remeňová |
| 520 | |a Teoretické vymedzenie kompetetnosti a kompetenčný model. Podstata a dôležitosť kompetenčného modelu zamestnanca. Manažérska kompetentnosť a jej výskyt v slovenskej podnikateľskej praxi. Dôležitosť výskytu určitých kompetencií hlavne v prípade manažérskych pozícií je nevyhnutná a tvorí základ pre rozvoj a budovanie znalostnej ekonomiky. | ||
| 610 | 2 | 0 | |a manažéri |
| 610 | 2 | 0 | |a kompetencie |
| 610 | 2 | 0 | |a modely |
| 610 | 2 | 0 | |a zručnosti |
| 610 | 2 | 0 | |a odbornosť |
| 610 | 2 | 0 | |a ekonomika znalostná |
| 100 | 1 | |a Priečková, Katarína, 1983- | |
| 700 | 1 | |a Remeňová, Katarína, 1982- | |